| 000 | 00774 a2200193 4500 | ||
|---|---|---|---|
| 003 | NUST | ||
| 005 | 20251112133717.0 | ||
| 040 | _cNust | ||
| 082 | _a621.382,QAI | ||
| 100 |
_aQaisar , Bin Saad (TCC-11) _9131832 |
||
| 245 |
_aChannel estimation and equalization of ADSL Modem / _cSaad Bin Qaisar, Taimoor Javaid, Bilal Mumtaz and Usman Sharif. |
||
| 260 |
_aRawalpindi _bMCS (NUST) _c2003 |
||
| 300 | _a94 p.; | ||
| 505 | _aIntroduction (Page-1), Background (Page-6), ADSL Modem: Transmitter Design and Crosstalk Models (Page-34), Channel Estimation (Page-51), Equalization (Page-62), Results (Page-80), Conclusion (Page-92). | ||
| 650 |
_aUG Projects _998716 |
||
| 651 |
_aTCC-11 _9131828 |
||
| 700 |
_aSupervised by Dr. M. Noman Jaffery _9131833 |
||
| 942 |
_cPR _2ddc |
||
| 999 |
_c182761 _d182761 |
||